| 000 | 00433nam a2200169Ia 4500 | ||
|---|---|---|---|
| 008 | 180921t xxu||||| |||| 00| 0 sin d | ||
| 041 | _asin | ||
| 080 |
_a511.1 _b |
||
| 245 | _aඅළුත් ගණිත ගර්භය | ||
| 246 | _aAluth ganitha garbhaya | ||
| 260 |
_bGunasena _aColombo |
||
| 300 | _a33p., 14 cm | ||
| 650 | _aMathematical tables | ||
| 942 | _cBK | ||
| 999 |
_c16087 _d16087 |
||
| 003 | LK-CoDNM | ||
| 040 |
_aLK-CoDNM _dLK-CoDNM _eLK-CoDNM |
||